Culture Générale - Série 2724 - Statistiques

Statistiques générales
  • Ce quiz a été pris 68 fois
  • Le résultat moyen est 4 sur 10
Statistiques - réponses
Question Réponse % Correct
La ... est un plat qui se mange froid vengeance
97%
Quel pays est enclavé entre Thaïlande, Vietnam et Cambodge ? Laos
67%
Une expression banale est appelée " lieu ... commun
48%
Comment appelle-t-on un écrit satirique ? 8 lettres commençant par "p" pamphlet
43%
Dans le roman d'Hemingway " Le vieil homme et la mer " avec quel poisson le pêcheur se bat-il ? espadon
34%
Dans quelle capitale européenne se trouve la place Wenceslas ? Prague
31%
Contre quelle maladie Edward Jenner a-t-il mis au point un vaccin en 1796 ? variole
26%
Dans le roman "Moby Dick" d'Herman Melville (1851), comment s'appelle le capitaine baleinier ? Achab
24%
Quel était le prénom du peintre Watteau (1684-1721) ? Antoine
9%
Un matériau qui ne laisse pas passer l'eau est imperméable ou ... hydrofuge
7%
Aucun quiz correspondant
Distribution des résultats
% des personnes avec chaque résultat
Percentile par nombre de réponses
Votre historique - résultats
Vous n’avez pas pris ce quiz